LEADER 04009nam 22007454a 450 001 9910970476403321 005 20250513220608.0 010 $a1-280-85981-4 010 $a9786610859818 010 $a90-474-0611-7 010 $a1-4337-0606-7 024 7 $a10.1163/9789047406112 035 $a(CKB)1000000000334959 035 $a(EBL)280572 035 $a(OCoLC)171561839 035 $a(SSID)ssj0000159527 035 $a(PQKBManifestationID)11179263 035 $a(PQKBTitleCode)TC0000159527 035 $a(PQKBWorkID)10158854 035 $a(PQKB)11051889 035 $a(Au-PeEL)EBL280572 035 $a(CaPaEBR)ebr10171563 035 $a(CaONFJC)MIL85981 035 $a(OCoLC)935262249 035 $a(OCoLC)607527394 035 $a(nllekb)BRILL9789047406112 035 $a(Au-PeEL)EBL30175081 035 $a(OCoLC)1356004110 035 $a(MiAaPQ)EBC280572 035 $a(EXLCZ)991000000000334959 100 $a20040629d2004 uy 0 101 0 $ager 135 $aur|n|---||||| 181 $ctxt$2rdacontent 182 $cc$2rdamedia 183 $acr$2rdacarrier 200 10$aFrühe Saiuhi?- und Ba?bi?-Theologie $edie Darlegung der Beweise für Muh?ammads besonders Prophetentum : (ar-Risa?la fi? i_tba?t an-nubu?wa al-uha?s?s?a) /$fEinleitung, Edition und Erläuterungen von Armin Eschraghi 205 $a1st ed. 210 $aLeiden ;$aBoston $cBrill$d2004 215 $a1 online resource (ix, 414 pages) 225 1 $aIslamic philosophy, theology, and science,$x0169-8729 ;$vv. 57 300 $aOriginally presented as A. Eschraghi's thesis (doctoral)--Johann Wolfgang Goethe-Universita?t Frankfurt am Main, 2003. 311 08$a90-04-14034-4 320 $aIncludes bibliographical references and index. 327 $aVorwort; Einleitung; Kapitel Eins Geschichtlicher U?berblick; Kapitel Zwei Einige Aspekte der Lehre; Kapitel Eins Geschichtlicher U?berblick; Kapitel Zwei Schrifttum; Kapitel Drei Weitere Aspekte der Lehre des Bab; Kapitel Eins Hintergrund; Kapitel Zwei Zusammenfassung des Inhalts; Kapitel Eins Manuskripte; Kapitel Zwei Anmerkungen zur Edition; English Summary; Anhang I: Brief des Bab an Mu'tamid ad-Daula; Anhang II: Brief des Bab an Mirza Sa'id Ardistani; Anhang III: Transkription der arab./pers. Buchstaben und Zahlenwerte; Literaturverzeichnis; Index 330 $aThis book is an introduction to the literature and thought of the founders of the Shaykhiyya and the Ba?biyyah, two important religious movements in nineteenth-century Iran. The first part is an overview of the thought of Ah?mad al-Ah?sa??i? and Ka?z?im ar-Rashti?, the progenitors of the Shaykhiyya, with a focus on their religious and philosophical teachings. The second part is an analysis of the early writings of ?Ali?-Muh?ammad Shi?ra?zi? (the Ba?b), the initiator of the Ba?biyyah. It contains a survey of major concepts found in his works and addresses issues that have generated debate in the past, particularly the exact nature of his religious claim and its reception by his contemporaries. Finally, the book contains an edition of the Ba?b's Treatise on Specific Prophethood. This is the first scholarly edition of a work by the Ba?b to be published in the original language. 410 0$aIslamic philosophy, theology, and science ;$vv. 57. 606 $aBabism$xDoctrines 606 $aShaykhi?$xDoctrines 606 $aBabism$xRelations$xShaykhi? 606 $aShaykhi?$xRelations$xBabism 615 0$aBabism$xDoctrines. 615 0$aShaykhi?$xDoctrines. 615 0$aBabism$xRelations$xShaykhi?. 615 0$aShaykhi?$xRelations$xBabism. 676 $a297.9/2 700 $aEschraghi$b Armin$01818057 701 2$aBa?b$b ?Ali? Muh?ammad Shi?ra?zi?$f1819-1850.$01818058 801 0$bMiAaPQ 801 1$bMiAaPQ 801 2$bMiAaPQ 906 $aBOOK 912 $a9910970476403321 996 $aFrühe Saiuhi?- und Ba?bi?-Theologie$94376994 997 $aUNINA